Nocions de solfeig / J.S.M.
Publicado:
[s.l., s.n., s.a.] :
Descripción Física:
[13] p. ; 22 cm
Materias:
Solfeig
MARC
| LEADER | 00000nam a2200000Ia 4500 | ||
|---|---|---|---|
| 001 | 11816 | ||
| 008 | 160829s9999 xx 000 0 cat d | ||
| 080 | |a RF-8-24 | ||
| 100 | |a S. M., J. |9 38584 | ||
| 245 | |a Nocions de solfeig / J.S.M. | ||
| 260 | |a [s.l., s.n., s.a.] | ||
| 300 | |a [13] p. ; |c 22 cm | ||
| 590 | |a A la coberta: Edició especial per a ús exclusiu de l'Acadèmia de Música de la Casa de Caritat de Barcelona. | ||
| 590 | |a Hi ha un duplicat a: DUP-344 | ||
| 650 | |a Solfeig |9 24096 | ||
| 856 | 4 | |u https://media.diba.cat/diba/fitxers/arxiu/fulletons/bib_11816_baixa.pdf |y Accés lliure | |
| 856 | 4 | |u https://media.diba.cat/diba/fitxers/arxiu/fulletons/bib_11816_baixa.pdf |y Accés lliure | |
| 901 | |a Arxiu | ||
| 942 | |n 1 |2 udc | ||
| 952 | |0 0 |1 0 |4 0 |6 RF824 |7 1 |9 48482 |a Arxiu |b Arxiu |d 2016-12-01 |l 0 |o RF-8-24 |p 11816 |r 2016-12-01 00:00:00 |w 2016-12-01 |y ARXIU | ||
| 999 | |c 52311 |d 52311 | ||
| 900 | |a bib_11816_baixa.pdf | ||